[Event "Shenzhen Du Te Cup"]
[Site "Shenzhen"]
[Date "2017.03.25"]
[Round "3"]
[White "Ding, Liren"]
[Black "Svidler, Peter"]
[Result "1-0"]
[WhiteElo "2759"]
[BlackElo "2741"]
[Annotator "Sumets,A"]
[PlyCount "87"]
[EventDate "2017.03.23"]
[EventType "tourn"]
[EventRounds "10"]
[EventCountry "CHN"]
[EventCategory "21"]
[SourceTitle "CBM 178"]
[Source "ChessBase"]
[SourceDate "2017.05.14"]
[SourceVersion "1"]
[SourceVersionDate "2017.05.14"]
[SourceQuality "1"]

1. c4 c6 2. Nf3 d5 3. d4 Nf6 4. e3 a6 5. Nc3 b5 6. b3 Bg4 7. a4 bxc4 (7... b4 {
is the main continuation.} 8. Ne2 (8. Nb1 e6 9. Nbd2 Nbd7 10. Bb2 (10. Bd3 Bf5
11. Qc2 Bxd3 12. Qxd3 Be7 13. O-O O-O 14. Bb2 h6 15. Rac1 Qb6 16. Qc2 a5 17. h3
Rfe8 18. e4 Nxe4 19. Nxe4 dxe4 20. Qxe4 Rad8 {Magallanes,F (2510)-Chiru,I 
(2535) ICCF email 2010 1/2 (40), White was slightly better.}) 10... Bd6 ({
As an alternative I can suggest} 10... Be7 $5 11. Qc2 (11. Bd3 Bh5 (11... Bf5
$6 12. Bxf5 exf5 13. Qc2 g6 14. Ne5 Rc8 15. Rc1 O-O 16. cxd5 cxd5 17. Nc6 Qe8
18. Nxe7+ Qxe7 19. Qxc8 Rxc8 20. Rxc8+ Kg7 21. O-O $14) 12. O-O O-O 13. Qc2 Bg6
{White is slightly better.}) 11... Bf5 12. Bd3 Bxd3 13. Qxd3 O-O 14. e4 dxe4
15. Nxe4 c5 16. O-O Nxe4 17. Qxe4 Bf6 $11) 11. Qc2 Bf5 12. Bd3 Bxd3 13. Qxd3
O-O 14. e4 Bf4 (14... Nxe4 15. Nxe4 dxe4 16. Qxe4 Qc7 17. O-O Rad8 18. Rad1
Rfe8 19. Rfe1 $14) 15. O-O Bxd2 16. Nxd2 a5 17. Rac1 $14 {Inarkiev,E (2706)
-Lin,C (2448) China 2015 1-0 (33)}) 8... e6 (8... Nbd7 9. Ne5 Nxe5 $6 10. dxe5
Bxe2 11. Bxe2 Ne4 12. Bb2 (12. cxd5 cxd5 13. e6 $1 fxe6 14. Bb2 $16) 12... e6
13. O-O Nc3 14. Qd3 dxc4 15. Qxc4 Qd5 16. Rfc1 $14 {Inarkiev,E (2675)-Solak,D 
(2607) Jerusalem 2015 1/2 (76)}) (8... Bxf3 9. gxf3 a5 10. Ng3 g6 11. cxd5 Nxd5
(11... cxd5 $6 12. e4) 12. Bb2 Bg7 13. Rc1 O-O 14. f4 f5 15. Bg2 $14 {
Khismatullin,D (2681)-Lintchevski,D (2555) St Petersburg 2014 1-0 (34)}) 9. Ne5
Bxe2 $6 (9... Bh5 $5 10. Bb2 Nfd7) 10. Bxe2 Bd6 11. Bb2 O-O 12. Qc2 Ne4 13. Rc1
f5 14. O-O Ra7 15. f3 $16 {Buhmann,R (2633)-McShane,L (2655) Germany 2016 1-0 
(44)}) 8. bxc4 Nbd7 ({White should prepare some improvement in the line} 8...
e6 9. c5 Nbd7 10. a5 e5 11. Qa4 Bxf3 12. gxf3 Qc7 13. Bh3 {Thist seems to be a
wrong path.} (13. Rb1 $5 Be7 14. Rb6 Nxb6 15. cxb6 Qb7 16. dxe5 Nd7 17. f4 $44)
(13. Be2 $5 Be7 14. Na2 O-O 15. Nb4 exd4 16. exd4 Nb8 17. O-O $14) 13... Be7
14. O-O O-O 15. Na2 Rfb8 16. Nb4 Rb5 17. Rd1 Nf8 $11 18. dxe5 $6 N6d7 19. Nd3
Nxe5 20. Nxe5 Qxe5 $15 {Karjakin,S (2756)-Solak,D (2618) Antalya 2013 1/2 (47)}
) 9. a5 (9. c5 a5 10. h3 Bxf3 11. Qxf3 e5 12. Qd1 g6 $1 13. Bd3 Bg7 14. Rb1 O-O
15. O-O Qc7 16. Bd2 Rfe8 17. Ne2 Ne4 18. Be1 f5 19. f3 Ng5 20. Bc2 Ne6 21. Bf2
exd4 22. exd4 Nf6 $132 {Girya,O (2466)-Volkov,S (2618) Taganrog 2015 0-1 (48)})
9... e5 10. Be2 Bxf3 11. Bxf3 Bb4 12. Bd2 O-O $146 {A logical novelty. In a
previous game Black played 12...exd4 but he obviously wasn't satisfied with
the result of the opening.} (12... exd4 13. exd4 Bxc3 $6 (13... Qe7+ 14. Qe2
dxc4 15. Bxc6 (15. Qxe7+ Kxe7 16. O-O Rhc8 17. Rfc1 Nf8 18. Ne4 $14) 15... Rb8
16. Bf3 Qxe2+ 17. Kxe2 $14) ({Probably Black should have preferred} 13... O-O
14. O-O dxc4 15. Qe2 Bxa5 16. Qxc4 Rc8 17. Qxa6 Bb4 18. Rfd1 c5 {Black should
gradually equalise.}) 14. Bxc3 Qe7+ 15. Qe2 Ne4 16. Bxe4 Qxe4 17. Qxe4+ dxe4
18. Rb1 Ke7 19. Kd2 $16 {1-0 (34) Howell,D (2655)-Sarakauskas,G (2414)
Northampton ENG 2017. Black is in trouble.}) 13. O-O dxc4 14. Qe2 {Now Black
can swap all pawns on the queenside.} ({After} 14. Qa4 {Black can equalise} Rb8
15. Qxc6 exd4 16. exd4 Ne5 17. dxe5 Qxd2 18. exf6 Bxc3 $11) 14... exd4 15. exd4
Bxa5 16. Qxc4 Rc8 17. Qxa6 Bb6 $6 {This is worse than 17...Bb4.} (17... Bb4 $1
18. Rfd1 (18. Rac1 c5 19. Bb7 (19. d5 $2 Ne5 $15 {White will lose the d5-pawn.}
) 19... cxd4 $1 20. Bxc8 dxc3 21. Bxc3 Bxc3 22. Bxd7 Bd2 $11) (18. Qa4 c5 19.
dxc5 ({Here after} 19. d5 {White will not lose the d5-pawn for free.} Ne5 20.
Be2 Nxd5 21. Nxd5 Qxd5 22. Bxb4 cxb4 23. Qxb4 {draw.}) 19... Bxc5 20. Rad1 Qb6
$11) 18... Re8 19. Rac1 c5 20. Be3 cxd4 21. Bxd4 Qa5 22. Qxa5 Bxa5 23. Na4 Ne5
{Black should make a draw without big problems.}) 18. Be3 c5 (18... Re8 {
won't be an improvement.} 19. Rfc1 Re6 20. Ne2 c5 21. Rab1 $16 {Black's
position is unpleasant and it is not easy to advise him something reasonable.})
19. Na4 $1 cxd4 $8 (19... c4 $2 20. Rfc1 {and Black can't protect the c4-pawn.}
) 20. Nxb6 $8 Qxb6 21. Qxb6 Nxb6 22. Bxd4 $14 {Of course a bishop pair is
stronger than the opponent's knight pair but there are no pawns on the
queenside so I believe that Black will make a draw if he plays cautiously.} Nc4
23. Rfd1 ({another option is} 23. Rfc1 Nd2 24. Bd1 Nde4 25. f3 Rxc1 26. Rxc1
Ng5 27. Rc6 Ne6 28. Be5 $14) 23... Rfe8 24. g3 h6 25. Kg2 Ne5 26. Be2 Re6 (
26... Nc6 27. Be3 (27. Bxf6 gxf6) 27... Nb4 28. Bb5 Re5 29. Bf1 Nc2 30. Bf4
Ree8 31. Rac1 g5 32. Bd2 Ne4 33. Ba5 Rc5 34. Bb6 Rcc8 $14) ({I would try to
put both knights on the kingside. In this case White can try push pawns but I
believe that Black should be able to draw.} 26... Ng6 $5 {Then Black can play .
..Nf8, ...Ne6 with a passive but solid position. Komodo recommends to swap
rooks after} 27. Bb5 Red8 28. Ba6 Ra8 29. Be2 Rxa1 30. Bxa1 Rxd1 31. Bxd1 {
that helps Black to make a draw.}) 27. h3 Nc6 28. Ba6 Rd8 29. Be3 Rxd1 30. Rxd1
Ne5 31. Bb5 g5 $5 {Black gains some space but it creates additional weaknesses.
} (31... Ne4 $1 32. Rd8+ Kh7 33. Ba4 Nc4 34. Bc1 Rd6 35. Re8 Ned2 36. Rc8 Rd4
$14) (31... Ng6 $6 {is dangerous for Black due to} 32. Rd8+ Kh7 33. Bc4 Re7 34.
Bd4 Ne5 35. Bb5 $1 (35. Bxe5 Rxe5 36. Bxf7 Re7 {the position is rather drawish.
}) 35... Ne4 (35... Ng6 $2 36. Bd3 {Black has no moves.} h5 37. h4 Rb7 38. Rd6
$18) 36. Rd5 Ng6 37. h4 Nf6 (37... Nf8 38. f3 Nf6 39. Rd8 Ng6 (39... Ne6 $4 40.
Bd3+) 40. Bd3 $18) 38. Rd8 h5 39. Bd3 Ng4 40. Rd5 Kh6 41. Rd6 N4e5 42. Bxe5
Rxe5 43. f4 Re6 44. Rd8 f5 $8 45. Bxf5 Rf6 46. Be4 $16 {the position is rather
winning for White.}) 32. Rc1 Rd6 33. Rc8+ Kg7 34. Ba4 Ra6 35. Bb3 Rc6 36. Ra8 (
36. Rxc6 $2 Nxc6 37. f4 gxf4 38. Bxf4 Ng8 $14 {Black is out of danger.}) 36...
Rc3 37. Ba2 Rc2 $2 {Probably Peter was in time trouble.} (37... Rd3 38. Ra5 Nc6
39. Rc5 Rd6 40. Rb5 Rd7 {It is obvious that White can keep playing to win but
I don't think that Ding would win it.}) (37... Nd3 $4 38. Ra7 $18) 38. Ra7 Nc4
$2 {The last mistake. In any case Svidler's position was very difficult.} (
38... Ned7 39. Bd4 Kg8 40. Ra6 Rd2 41. Bc3 Rc2 42. Ba1 Ne4 43. Kf3 Nd2+ 44. Kg4
$16) (38... Kf8 39. Bd4 Nfd7 40. Bb1 Rc1 41. Bf5 Rd1 42. Bc3 $16 {White has
excellent chances to win the game.}) 39. Bd4 $1 $18 Nd6 40. Rd7 (40. Be5 Rd2
41. Rd7 Nc4 42. Rxd2 Nxd2 43. f3 $18) 40... Nb5 (40... Rxa2 41. Rxd6 $18) 41.
Rxf7+ Kg8 42. Bxf6 Rxa2 43. Rg7+ Kf8 44. Rb7 1-0

[Event "George Marx Memorial 4th"]
[Site "Paks"]
[Date "2006.07.30"]
[Round "3"]
[White "Acs, Peter"]
[Black "Wang, Yue"]
[Result "0-1"]
[WhiteElo "2520"]
[BlackElo "2626"]
[Annotator "Szabo,Kr"]
[PlyCount "84"]
[EventDate "2006.07.28"]
[EventType "tourn"]
[EventRounds "10"]
[EventCountry "HUN"]
[EventCategory "15"]
[SourceTitle "CBM 113 Extra"]
[Source "ChessBase"]
[SourceDate "2006.09.14"]
[SourceVersion "1"]
[SourceVersionDate "2006.09.14"]
[SourceQuality "1"]

1. d4 d5 2. c4 c6 3. Nc3 Nf6 4. e3 a6 5. Nf3 b5 6. b3 Bg4 7. Be2 e6 8. O-O Nbd7
9. h3 Bh5 10. Bb2 Qb8 11. Ne5 Bxe2 12. Nxe2 bxc4 13. Qc2 Bd6 14. bxc4 (14. Nxd7
Nxd7 15. bxc4) 14... Nxe5 15. dxe5 Bxe5 16. Bxe5 (16. cxd5 Qxb2 17. Qxc6+ Ke7
18. Rab1) 16... Qxe5 17. cxd5 cxd5 18. Qa4+ (18. Qc6+ Ke7 19. Qb7+ Nd7 20. Nd4
Qd6 21. Nc6+ Kf6) 18... Ke7 (18... Nd7 19. Rab1 Qd6 20. Rb7 Rd8) (18... Kf8 19.
Qc6 Qb8 20. Rab1 Qe8 21. Rfc1 (21. Qd6+ Kg8 22. Rb7)) 19. Nd4 Qd6 20. Nc6+ Kf8
21. Rac1 g6 22. Qd4 (22. Nd4 Kg7 23. Rc6 Qd7) (22. Rfd1 Kg7 23. e4) 22... Kg7
23. Rc3 Rhc8 (23... Rhe8 24. Ne5 Rac8 25. Rfc1) 24. Rfc1 Rc7 25. Ne5 Rxc3 26.
Rxc3 Qe7 27. Nc6 Qb7 28. Ne5 Qa7 (28... Ne4 29. Rb3 Qe7 30. f3 Nd6 31. Ng4+ (
31. Nc4+ Kg8) 31... f6 32. Rb6 Nf7) 29. Qf4 (29. Rc5) 29... Rf8 30. Rc6 a5 31.
Nf3 Qb8 32. Qxb8 Rxb8 33. Rc7 Ne8 34. Ra7 Rb1+ 35. Kh2 Rb2 36. Ng5 (36. Kg1
Rxa2 37. Ng5) 36... Rxf2 37. Kg3 (37. Nxe6+ Kg8 (37... Kf6 38. Nf4 d4 39. Nd5+
Ke5 40. Rxa5 $11) 38. Nf4 (38. Kg3 Rxa2 39. Nf4 Nf6) 38... d4 39. Rxa5 dxe3 40.
Re5 Nd6 41. Nd5 Rxa2 42. Rxe3 $11) 37... Rf6 38. Rxa5 Nd6 39. Nf3 Nc4 40. Ra6
Nxe3 41. a4 Nf1+ 42. Kf2 Nd2 0-1

[Event "Dresden op 06th"]
[Site "Dresden"]
[Date "1997.??.??"]
[Round "7"]
[White "Uhlmann, Wolfgang"]
[Black "Chekhov, Valery A"]
[Result "1-0"]
[WhiteElo "2485"]
[BlackElo "2530"]
[Annotator "Teske,H"]
[PlyCount "53"]
[EventDate "1997.07.??"]
[EventType "swiss"]
[EventRounds "9"]
[EventCountry "GER"]
[SourceTitle "EXT 1998"]
[Source "ChessBase"]
[SourceDate "1997.11.17"]
[SourceVersion "1"]
[SourceVersionDate "1997.11.17"]
[SourceQuality "1"]

1. c4 c6 2. d4 d5 3. Nc3 Nf6 4. Nf3 a6 5. a4 e6 (5... dxc4 $6) 6. Bg5 h6 7.
Bxf6 Qxf6 8. e3 Nd7 9. Bd3 {>< Bc8} Qd8 10. O-O Be7 11. e4 dxc4 12. Bxc4 a5 $6
(12... b5 13. axb5 Nb6 14. Bb3 cxb5 15. d5 $14) (12... O-O) 13. Qe2 O-O 14.
Rad1 Qc7 15. d5 cxd5 $6 (15... exd5 $142 16. exd5 Nb6) 16. exd5 Nb6 17. Ne5 Bf6
$2 (17... exd5 18. Nxd5 (18. Bxd5 $5) 18... Nxd5 19. Bxd5 Ra6 $14) (17... Nxd5
$2 18. Bxd5 exd5 19. Nxd5 Qd6 (19... Qc5 20. Nd7 $18) 20. Ng6 $18) 18. d6 Qc5
$2 (18... Qd8 $142 19. d7 $140 $2 Nxd7 20. Nxd7 Bxd7 21. Bb5 Bxb5) 19. d7 Bxe5
20. d8=Q Rxd8 21. Rxd8+ Kh7 22. Qd3+ g6 23. Bb5 $1 Qb4 24. Re1 Qxb2 25. Qf3 Bg7
26. Qxf7 Bd7 27. Qg8# 1-0